[Event "Dortmund Sparkassen op-B 44th"]
[Site "Dortmund"]
[Date "2016.07.17"]
[Round "9"]
[White "Skapski, Miroslav"]
[Black "Doerr, Michael"]
[Result "1/2-1/2"]
[WhiteElo "1540"]
[BlackElo "1623"]
[PlyCount "39"]
[EventDate "2016.07.09"]
[EventType "swiss"]
[EventRounds "9"]
[EventCountry "GER"]
[SourceTitle "CBM 173 Extra"]
[Source "ChessBase"]
[SourceDate "2016.08.29"]
[SourceVersion "1"]
[SourceVersionDate "2016.08.29"]
[SourceQuality "1"]

1. d4 Nf6 2. c4 g6 3. Nf3 Bg7 4. e3 d6 5. Be2 0-0 6. 0-0 Re8 7. Nc3 c5 8. Qc2 cxd4 9. exd4 Bf5 10. Bd3 Bxd3 11. Qxd3 e6 12. Bg5 h6 13. Bf4 Nh5 14. Be3 Nc6 15. Ne2 Rc8 16. a3 e5 17. Nd2 d5 18. cxd5 Qxd5 19. Nc3 Qd8 20. d5 1/2-1/2

[Event "Dortmund Sparkassen op-B 44th"]
[Site "Dortmund"]
[Date "2016.07.13"]
[Round "5"]
[White "Yangibayev, Rustam"]
[Black "Doerr, Michael"]
[Result "1-0"]
[WhiteElo "1451"]
[BlackElo "1623"]
[PlyCount "87"]
[EventDate "2016.07.09"]
[EventType "swiss"]
[EventRounds "9"]
[EventCountry "GER"]
[SourceTitle "CBM 173 Extra"]
[Source "ChessBase"]
[SourceDate "2016.08.29"]
[SourceVersion "1"]
[SourceVersionDate "2016.08.29"]
[SourceQuality "1"]

1. d4 Nf6 2. c4 g6 3. Nf3 Bg7 4. Bf4 Nh5 5. Bg5 0-0 6. Qd2 d6 7. Nc3 Re8 8. e4 Nf6 9. Be2 c6 10. 0-0 Qc7 11. h3 e5 12. d5 Bd7 13. Rac1 a6 14. a4 c5 15. b3 Bc8 16. Bd3 Qe7 17. Ne2 Qf8 18. b4 Nbd7 19. Ng3 cxb4 20. Qxb4 Nc5 21. Bc2 Nfd7 22. Nd2 Bh6 23. Bxh6 Qxh6 24. a5 Rb8 25. Nb3 Qf8 26. Rb1 Qe7 27. Qd2 Qh4 28. Qe3 Kg7 29. f4 exf4 30. Rxf4 Qe7 31. Rbf1 Rf8 32. Kh2 Nxb3 33. Qxb3 Nc5 34. Qe3 b6 35. Rf6 Nd7 36. R6f4 bxa5 37. Rf5 Ne5 38. Rh5 gxh5 39. Nxh5+ Kg8 40. Nf6+ Qxf6 41. Rxf6 Rb2 42. Qg3+ Kh8 43. Qc3 Rb6 44. Rxd6 1-0

[Event "Dortmund Sparkassen op-B 44th"]
[Site "Dortmund"]
[Date "2016.07.11"]
[Round "3"]
[White "Biermann, Lenhard"]
[Black "Doerr, Michael"]
[Result "1-0"]
[WhiteElo "1836"]
[BlackElo "1623"]
[PlyCount "83"]
[EventDate "2016.07.09"]
[EventType "swiss"]
[EventRounds "9"]
[EventCountry "GER"]
[SourceTitle "CBM 173 Extra"]
[Source "ChessBase"]
[SourceDate "2016.08.29"]
[SourceVersion "1"]
[SourceVersionDate "2016.08.29"]
[SourceQuality "1"]

1. d4 Nf6 2. c4 g6 3. Nf3 Bg7 4. Nc3 d6 5. Bf4 0-0 6. e3 b6 7. h3 Bb7 8. Be2 Re8 9. 0-0 Nbd7 10. Qc2 a6 11. Rfd1 e6 12. Rab1 Qe7 13. b4 e5 14. Bh2 exd4 15. exd4 Ne4 16. Re1 Qf6 17. Nd5 Qd8 18. Bd3 Nef6 19. Rxe8+ Nxe8 20. Be4 c6 21. Ne3 Ndf6 22. Rc1 Qd7 23. c5 Nxe4 24. Qxe4 Nf6 25. Qh4 bxc5 26. bxc5 dxc5 27. dxc5 Re8 28. Ng4 Nxg4 29. hxg4 f6 30. g5 f5 31. Qc4+ Kh8 32. Bd6 Re4 33. Qb3 Bc8 34. Rd1 Qb7 35. Qd3 Qb5 36. Qc2 Re2 37. Rd2 Rxd2 38. Qxd2 Be6 39. Be5 Qxc5 40. Qd8+ Bg8 41. Bxg7+ Kxg7 42. Qf6# 1-0

[Event "Dortmund Sparkassen op-B 44th"]
[Site "Dortmund"]
[Date "2016.07.09"]
[Round "1"]
[White "Sperling, Lennart"]
[Black "Doerr, Michael"]
[Result "1-0"]
[WhiteElo "1867"]
[BlackElo "1623"]
[PlyCount "91"]
[EventDate "2016.07.09"]
[EventType "swiss"]
[EventRounds "9"]
[EventCountry "GER"]
[SourceTitle "CBM 173 Extra"]
[Source "ChessBase"]
[SourceDate "2016.08.29"]
[SourceVersion "1"]
[SourceVersionDate "2016.08.29"]
[SourceQuality "1"]

1. c4 e5 2. g3 Nf6 3. Bg2 Bc5 4. Nc3 d6 5. Nf3 0-0 6. 0-0 Nc6 7. d3 Re8 8. a3 Rb8 9. b4 Bb6 10. Bg5 h6 11. Bh4 Nd4 12. Bxf6 Qxf6 13. Nd5 Nxf3+ 14. Bxf3 Qd8 15. Nxb6 axb6 16. a4 c6 17. Qc2 Be6 18. Ra3 Qc7 19. Rfa1 Ra8 20. a5 bxa5 21. Rxa5 Rxa5 22. Rxa5 Rb8 23. Qa4 Bd7 24. Qa3 g6 25. h4 Kg7 26. Qa1 f6 27. Ra7 Qb6 28. Qa5 Qxa5 29. bxa5 Kg8 30. h5 g5 31. a6 Bc8 32. axb7 Bxb7 33. Be4 Kf8 34. f3 Ke8 35. Rxb7 Rxb7 36. Bxc6+ Rd7 37. Kf2 Ke7 38. Bxd7 Kxd7 39. Ke3 Ke6 40. g4 f5 41. Kd2 fxg4 42. fxg4 d5 43. cxd5+ Kxd5 44. Ke3 Kd6 45. Ke4 Ke6 46. e3 1-0

[Event "Dortmund Sparkassen op-B"]
[Site "Dortmund"]
[Date "2015.06.28"]
[Round "2"]
[White "Doerr, Michael"]
[Black "Kruse, Janik"]
[Result "0-1"]
[WhiteElo "1617"]
[BlackElo "1899"]
[PlyCount "128"]
[EventDate "2015.06.27"]
[EventType "swiss"]
[EventRounds "9"]
[EventCountry "GER"]
[SourceTitle "CBM 167 Extra"]
[Source "ChessBase"]
[SourceDate "2015.09.14"]
[SourceVersion "1"]
[SourceVersionDate "2015.09.14"]
[SourceQuality "1"]

1. e4 e5 2. Nf3 Nc6 3. Bb5 a6 4. Ba4 Nf6 5. 0-0 Be7 6. Re1 b5 7. Bb3 0-0 8. c3 d5 9. exd5 Nxd5 10. Nxe5 Nxe5 11. Rxe5 c6 12. d4 Bd6 13. Re1 Qh4 14. g3 Qh3 15. Bxd5 cxd5 16. Qf3 Bf5 17. Qg2 Qg4 18. f3 Qg6 19. Be3 Rae8 20. Nd2 h5 21. Nf1 Bd3 22. Rac1 f5 23. Bf4 Bxf1 24. Kxf1 Be7 25. Re5 Qc6 26. Rce1 Bf6 27. Rxe8 Rxe8 28. Rxe8+ Qxe8 29. Qe2 Qc6 30. Be5 Bd8 31. f4 g6 32. Kf2 Kf7 33. h3 Qd7 34. Bh8 Bc7 35. Be5 Bd8 36. a4 Be7 37. axb5 axb5 38. Qd3 Qc6 39. b3 Qa6 40. Kf3 Qa1 41. c4 bxc4 42. bxc4 Qa6 43. Qc3 dxc4 44. d5 Qb5 45. d6 Qd5+ 46. Kf2 Bd8 47. Qd4 Qxd4+ 48. Bxd4 Ke6 49. Be5 Bb6+ 50. Kf3 Bc5 51. d7 Kxd7 52. g4 hxg4+ 53. hxg4 Ke6 54. gxf5+ gxf5 55. Bc3 Kd5 56. Bb2 Bd4 57. Bc1 c3 58. Ba3 Kc4 59. Ke2 Kb3 60. Bc1 Kc2 61. Ba3 Bg7 62. Ke3 Kd1 63. Kf3 c2 64. Kg3 Bf6 0-1

[Event "Dortmund Sparkassen op-B"]
[Site "Dortmund"]
[Date "2012.07.22"]
[Round "9"]
[White "Singh, Marcel"]
[Black "Doerr, Michael"]
[Result "1-0"]
[WhiteElo "1893"]
[BlackElo "1566"]
[PlyCount "159"]
[EventDate "2012.07.14"]
[EventType "swiss"]
[EventRounds "9"]
[EventCountry "GER"]
[SourceTitle "EXT 2014"]
[Source "ChessBase"]
[SourceDate "2013.11.20"]
[SourceVersion "1"]
[SourceVersionDate "2013.11.20"]
[SourceQuality "1"]

1. e4 c5 2. c3 Nc6 3. d4 cxd4 4. cxd4 Qb6 5. Nf3 d6 6. h3 Bd7 7. Nc3 Rc8 8. Be2 e6 9. 0-0 Nge7 10. a3 d5 11. Na4 Qc7 12. Nc3 dxe4 13. Nxe4 Nd5 14. Bg5 Be7 15. Rc1 Bxg5 16. Nexg5 h6 17. Ne4 0-0 18. Ne5 Nde7 19. b4 Qd8 20. Nd6 Rb8 21. Bf3 Nxe5 22. dxe5 Bc6 23. Bxc6 Nxc6 24. Nxb7 Qxd1 25. Rfxd1 Nxe5 26. Rc7 Rfc8 27. Rdc1 Rxc7 28. Rxc7 Ra8 29. a4 Nd3 30. b5 Nb4 31. Nd6 f6 32. Rc8+ Rxc8 33. Nxc8 a6 34. b6 Nc6 35. Na7 Na5 36. Kf1 Kf7 37. Ke2 Ke7 38. Kd3 Kd6 39. Kd4 e5+ 40. Ke4 Ke6 41. g4 Nb7 42. Nc6 g6 43. a5 f5+ 44. gxf5+ gxf5+ 45. Kf3 Kd6 46. Nb4 Nc5 47. Kg3 Ne4+ 48. Kg2 Nc3 49. Kf3 h5 50. Kg3 Ne4+ 51. Kh4 Nxf2 52. Kxh5 Nxh3 53. Kh4 Nf2 54. Nxa6 Kc6 55. Kg5 f4 56. Nb4+ Kb7 57. Kf5 Nd1 58. Ke4 Nc3+ 59. Kxe5 f3 60. Nd3 f2 61. Nxf2 Na4 62. Kd5 Nxb6+ 63. Kc5 Na8 64. Ne4 Ka6 65. Kb4 Nc7 66. Nc5+ Ka7 67. Kc4 Na6 68. Nd7 Nc7 69. Kb4 Na6+ 70. Ka4 Nc7 71. Nc5 Na6 72. Ne4 Nc7 73. Nd6 Ka6 74. Nc8 Nd5 75. Nd6 Nc7 76. Nf5 Nd5 77. Nd4 Nc7 78. Nc6 Nd5 79. Nb4+ Ka7 80. Nxd5 1-0

[Event "Dortmund Sparkassen op-B"]
[Site "Dortmund"]
[Date "2012.07.21"]
[Round "8"]
[White "Doerr, Michael"]
[Black "Tekin, Baran"]
[Result "1-0"]
[WhiteElo "1566"]
[BlackElo "1796"]
[PlyCount "100"]
[EventDate "2012.07.14"]
[EventType "swiss"]
[EventRounds "9"]
[EventCountry "GER"]
[SourceTitle "EXT 2014"]
[Source "ChessBase"]
[SourceDate "2013.11.20"]
[SourceVersion "1"]
[SourceVersionDate "2013.11.20"]
[SourceQuality "1"]

1. e4 g6 2. Nf3 Bg7 3. d4 d6 4. c3 a6 5. Bf4 b5 6. Nbd2 Nd7 7. Bd3 c5 8. 0-0 Bb7 9. Re1 cxd4 10. cxd4 Qb6 11. Be3 Ngf6 12. d5 Qd8 13. Qb3 Ng4 14. Bd4 Nge5 15. Nxe5 Nxe5 16. f4 Nxd3 17. Qxd3 Bxd4+ 18. Qxd4 0-0 19. Nf3 Rc8 20. Rec1 Qa5 21. a3 Rc7 22. b4 Rxc1+ 23. Rxc1 Qd8 24. Qc3 Qb6+ 25. Qd4 Qd8 26. Qc3 f5 27. Ng5 Qb6+ 28. Kh1 Rc8 29. Qd2 Rxc1+ 30. Qxc1 fxe4 31. Qe1 Bxd5 32. Qh4 h5 33. Qg3 Qd4 34. Nh3 Kg7 35. Qg5 Qf6 36. Qxd5 Qa1+ 37. Ng1 e3 38. Qe6 Qc1 39. Qxe7+ Kh6 40. h3 d5 41. Kh2 d4 42. Qe4 Qf1 43. Qxd4 Kh7 44. Qxe3 Qa1 45. Nf3 Qf6 46. Qe5 Qf8 47. Ng5+ Kh6 48. Qc7 Qg8 49. h4 Qg7 50. Qxg7+ Kxg7 1-0

[Event "Dortmund Sparkassen op-B"]
[Site "Dortmund"]
[Date "2012.07.20"]
[Round "7"]
[White "Schwarz, Eduard"]
[Black "Doerr, Michael"]
[Result "1-0"]
[WhiteElo "1854"]
[BlackElo "1566"]
[PlyCount "55"]
[EventDate "2012.07.14"]
[EventType "swiss"]
[EventRounds "9"]
[EventCountry "GER"]
[SourceTitle "EXT 2014"]
[Source "ChessBase"]
[SourceDate "2013.11.20"]
[SourceVersion "1"]
[SourceVersionDate "2013.11.20"]
[SourceQuality "1"]

1. d4 d5 2. c4 c6 3. Nc3 Nf6 4. Nf3 e6 5. Bg5 Be7 6. e3 dxc4 7. Bxc4 Nd5 8. Bxe7 Qxe7 9. e4 Qb4 10. Qb3 Qxb3 11. Bxb3 Nxc3 12. bxc3 0-0 13. 0-0 Nd7 14. Rfe1 Rb8 15. e5 b6 16. Ng5 h6 17. Ne4 Bb7 18. Nd6 c5 19. f4 cxd4 20. cxd4 Bd5 21. Bxd5 exd5 22. Rac1 Ra8 23. f5 Rfd8 24. Rc7 Kf8 25. e6 fxe6 26. fxe6 Ke7 27. Nc8+ Rdxc8 28. exd7+ 1-0

[Event "Dortmund Sparkassen op-B"]
[Site "Dortmund"]
[Date "2011.07.25"]
[Round "3"]
[White "Doerr, Michael"]
[Black "Fistoul, Ilja"]
[Result "1-0"]
[WhiteElo "1556"]
[BlackElo "1358"]
[PlyCount "99"]
[EventDate "2011.07.23"]
[EventType "swiss"]
[EventRounds "9"]
[EventCountry "GER"]
[SourceTitle "EXT 2013"]
[Source "ChessBase"]
[SourceDate "2012.11.22"]
[SourceVersion "1"]
[SourceVersionDate "2012.11.22"]
[SourceQuality "1"]

1. e4 e6 2. d4 b6 3. Nf3 Bb7 4. Bd3 Nf6 5. e5 Ne4 6. Qe2 f5 7. Bxe4 Bxe4 8. c3 Be7 9. Nbd2 Bb7 10. 0-0 g5 11. c4 f4 12. Ne4 d5 13. exd6 cxd6 14. Nfxg5 Bxg5 15. Qh5+ Kd7 16. Nxg5 Rg8 17. Bxf4 Qf6 18. g3 h6 19. Qf7+ Qxf7 20. Nxf7 Nc6 21. Nxd6 Raf8 22. Be5 Nxd4 23. Bxd4 Kxd6 24. f4 Ba6 25. b3 b5 26. Rfd1 Kc6 27. cxb5+ Bxb5 28. Bxa7 Rxf4 29. Be3 Rf3 30. Bf2 h5 31. Rac1+ Kb7 32. Rc5 Bc6 33. Rxh5 Rgf8 34. Rd2 Rc3 35. Re5 Rc1+ 36. Re1 Rxe1+ 37. Bxe1 e5 38. h4 e4 39. Rf2 Re8 40. a4 e3 41. Rf4 Kb8 42. g4 Bb7 43. b4 Bd5 44. g5 Bb3 45. a5 Rc8 46. Kf1 Rc2 47. Re4 Bc4+ 48. Rxc4 Rxc4 49. Ke2 Re4 50. Bg3+ 1-0

[Event "Dortmund Sparkassen op-B"]
[Site "Dortmund"]
[Date "2010.07.23"]
[Round "7"]
[White "Doerr, Michael"]
[Black "Raabe, Hans Ulrich"]
[Result "1/2-1/2"]
[WhiteElo "1582"]
[BlackElo "1419"]
[PlyCount "56"]
[EventDate "2010.07.17"]
[EventType "swiss"]
[EventRounds "9"]
[EventCountry "GER"]
[SourceTitle "EXT 2014"]
[Source "ChessBase"]
[SourceDate "2013.11.20"]
[SourceVersion "1"]
[SourceVersionDate "2013.11.20"]
[SourceQuality "1"]

1. e4 e5 2. Nf3 Nc6 3. Bb5 a6 4. Ba4 Nf6 5. d3 b5 6. Bb3 d6 7. h3 Be7 8. c3 Na5 9. Bc2 c5 10. 0-0 0-0 11. Nbd2 Bd7 12. Re1 Nc6 13. d4 cxd4 14. cxd4 Qc7 15. d5 Na5 16. b4 Nc4 17. Nxc4 Qxc4 18. Bd2 Rac8 19. Bb3 Qc7 20. Rc1 Qb7 21. Qe2 Rxc1 22. Rxc1 Rc8 23. Rxc8+ Qxc8 24. Bg5 Qd8 25. Bxf6 Bxf6 26. Qe3 Qc7 27. Qd2 h6 28. Qc2 Qxc2 1/2-1/2

[Event "Dortmund Sparkassen op-B"]
[Site "Dortmund"]
[Date "2010.07.22"]
[Round "6"]
[White "Benning, Robert"]
[Black "Doerr, Michael"]
[Result "1-0"]
[WhiteElo "1437"]
[BlackElo "1582"]
[PlyCount "63"]
[EventDate "2010.07.17"]
[EventType "swiss"]
[EventRounds "9"]
[EventCountry "GER"]
[SourceTitle "EXT 2014"]
[Source "ChessBase"]
[SourceDate "2013.11.20"]
[SourceVersion "1"]
[SourceVersionDate "2013.11.20"]
[SourceQuality "1"]

1. d4 d5 2. c4 c6 3. Nf3 Nf6 4. Nc3 dxc4 5. e4 Bg4 6. Be3 e6 7. Bxc4 Be7 8. h3 Bh5 9. e5 Nd5 10. Nxd5 cxd5 11. Bb5+ Nd7 12. 0-0 a6 13. Ba4 0-0 14. Rc1 b5 15. Bc2 Nb6 16. b3 Ba3 17. Rb1 Rc8 18. b4 Qc7 19. Bd3 Qe7 20. Qb3 Na4 21. Bg5 f6 22. exf6 gxf6 23. Bd2 Bxf3 24. gxf3 Kh8 25. Qxa3 f5 26. Qb3 Qh4 27. Kh2 f4 28. Qd1 Rg8 29. Qe1 Rcf8 30. Rg1 Rg5 31. Rxg5 Qxg5 32. Qe5+ 1-0

[Event "Dortmund op-B"]
[Site "Dortmund"]
[Date "2009.07.12"]
[Round "9"]
[White "Milonas, Georgios"]
[Black "Doerr, Michael"]
[Result "1/2-1/2"]
[WhiteElo "1482"]
[BlackElo "1616"]
[PlyCount "72"]
[EventDate "2009.07.04"]
[EventType "swiss"]
[EventRounds "9"]
[EventCountry "GER"]
[SourceTitle "EXT 2012"]
[Source "ChessBase"]
[SourceDate "2011.11.24"]
[SourceVersion "1"]
[SourceVersionDate "2011.11.24"]
[SourceQuality "1"]

1. e4 c5 2. Nf3 d6 3. d4 cxd4 4. Nxd4 Nf6 5. Nc3 a6 6. Be2 e6 7. 0-0 Be7 8. Be3 Bd7 9. a4 Nc6 10. Nxc6 bxc6 11. Bf3 Qc7 12. a5 c5 13. e5 Nd5 14. Nxd5 exd5 15. Bxd5 Rd8 16. Qf3 0-0 17. exd6 Bxd6 18. h3 Be6 19. Bxe6 fxe6 20. Qg4 Rf6 21. Bg5 Rg6 22. Bxd8 Qxd8 23. Qf3 Bb8 24. Rfd1 Qc7 25. g3 c4 26. c3 Ba7 27. Rd4 Bxd4 28. cxd4 Qd8 29. Qc3 Qd5 30. Ra4 Rg5 31. Rxc4 Qxa5 32. Rc8+ Kf7 33. Rc7+ Kf6 34. Qxa5 Rxa5 35. Kg2 Rb5 36. Rc2 Rb3 1/2-1/2

[Event "Dortmund Sparkassen op-B"]
[Site "Dortmund"]
[Date "2008.07.05"]
[Round "8"]
[White "Doerr, Michael"]
[Black "Olschewski, Niklas"]
[Result "1/2-1/2"]
[WhiteElo "1643"]
[BlackElo "1329"]
[PlyCount "71"]
[EventDate "2008.06.30"]
[EventType "swiss"]
[EventRounds "9"]
[EventCountry "GER"]
[SourceTitle "EXT 2022"]
[Source "ChessBase"]
[SourceDate "2021.10.06"]
[SourceVersion "1"]
[SourceVersionDate "2021.10.06"]
[SourceQuality "1"]

1. e4 c5 2. Nf3 e6 3. d4 cxd4 4. Nxd4 Nc6 5. Nc3 a6 6. Be3 Nge7 7. Bc4 Nxd4 8. Bxd4 Nc6 9. Be3 Be7 10. 0-0 0-0 11. a3 b5 12. Be2 Bb7 13. f3 Qc7 14. Bd3 d6 15. Ne2 Na5 16. b3 d5 17. Ng3 dxe4 18. Nxe4 Rfd8 19. Qe2 Rd5 20. Qf2 Nxb3 21. Rad1 Nc5 22. Nxc5 Bxc5 23. Bxh7+ Kxh7 24. Rxd5 Bxe3 25. Rh5+ Kg6 26. Qxe3 Kxh5 27. f4 g5 28. g4+ Kg6 29. f5+ exf5 30. gxf5+ Kf6 31. Qd4+ Qe5 32. Qb6+ Kg7 33. Qxb7 Rh8 34. Qg2 Qe3+ 35. Rf2 Qe1+ 36. Rf1 1/2-1/2

[Event "Dortmund op-B"]
[Site "Dortmund"]
[Date "2007.06.24"]
[Round "3"]
[White "Doerr, Michael"]
[Black "Langaditis, Sevastianos"]
[Result "1/2-1/2"]
[WhiteElo "1658"]
[BlackElo "1803"]
[PlyCount "77"]
[EventDate "2007.06.22"]
[EventType "swiss"]
[EventRounds "9"]
[EventCountry "GER"]
[SourceTitle "EXT 2008"]
[Source "ChessBase"]
[SourceDate "2007.11.25"]
[SourceVersion "1"]
[SourceVersionDate "2007.11.25"]
[SourceQuality "1"]

1. e4 d5 2. exd5 Qxd5 3. Nc3 Qd6 4. h3 c6 5. Nf3 Bf5 6. d3 Nf6 7. g3 e5 8. Bg2 Be7 9. Be3 Nbd7 10. a3 Qc7 11. Qe2 0-0 12. 0-0 Rfe8 13. Ng5 h6 14. Nge4 Nd5 15. Bd2 N7f6 16. Rfd1 Rad8 17. Rab1 Be6 18. Kh2 Nxe4 19. dxe4 Nf6 20. Be3 a6 21. Na4 Nd7 22. b4 b5 23. Nb2 c5 24. c3 cxb4 25. cxb4 Nb6 26. Rbc1 Qb7 27. f3 Nc4 28. Nxc4 Bxc4 29. Qf2 Bb3 30. Rxd8 Rxd8 31. Qb2 Be6 32. f4 Rd3 33. Rc3 Rxc3 34. Qxc3 exf4 35. Bxf4 Qd7 36. Qc7 Qxc7 37. Bxc7 Bg5 38. Bf4 Bd8 39. Bd2 1/2-1/2

[Event "Dortmund Sparkassen op-B"]
[Site "Dortmund"]
[Date "2006.08.01"]
[Round "4"]
[White "Kuesgen, Dirk"]
[Black "Doerr, Michael"]
[Result "1/2-1/2"]
[WhiteElo "1816"]
[BlackElo "1672"]
[PlyCount "91"]
[EventDate "2006.07.28"]
[EventType "swiss"]
[EventRounds "9"]
[EventCountry "GER"]
[SourceTitle "CBM 113 Extra"]
[Source "ChessBase"]
[SourceDate "2006.09.14"]
[SourceVersion "1"]
[SourceVersionDate "2006.09.14"]
[SourceQuality "1"]

1. e4 c5 2. d4 cxd4 3. c3 d5 4. exd5 Qxd5 5. cxd4 e6 6. Nc3 Bb4 7. Nf3 Nc6 8. Be2 h6 9. 0-0 Qd8 10. Be3 Nf6 11. Qb3 0-0 12. Rfd1 Qe7 13. Ne5 Bd7 14. Nxd7 Qxd7 15. d5 exd5 16. Nxd5 Nxd5 17. Rxd5 Qe7 18. a3 Bd6 19. Rad1 Rfd8 20. R1d2 Bc7 21. Qd1 Rxd5 22. Rxd5 Rd8 23. Bc4 Qh4 24. Rxd8+ Nxd8 25. f4 Qf6 26. Qd7 Qc6 27. Qxc6 Nxc6 28. b4 b6 29. b5 Ne7 30. g4 Kf8 31. h3 f6 32. Kf2 Nc8 33. Bd2 Bd6 34. a4 Ke7 35. Ke3 Bc5+ 36. Kd3 g5 37. Bd5 Nd6 38. f5 Ne8 39. Bc6 Nd6 40. Bc3 Kf7 41. Bd5+ Ke7 42. Be6 Ne8 43. Kc4 Nc7 44. Bd5 Ne8 45. a5 Nd6+ 46. Kd3 1/2-1/2

[Event "Dortmund Sparkassen op-B"]
[Site "Dortmund"]
[Date "2006.07.28"]
[Round "1"]
[White "Doerr, Michael"]
[Black "Daebel, Hasso"]
[Result "1/2-1/2"]
[WhiteElo "1672"]
[BlackElo "1430"]
[PlyCount "105"]
[EventDate "2006.07.28"]
[EventType "swiss"]
[EventRounds "9"]
[EventCountry "GER"]
[SourceTitle "CBM 113 Extra"]
[Source "ChessBase"]
[SourceDate "2006.09.14"]
[SourceVersion "1"]
[SourceVersionDate "2006.09.14"]
[SourceQuality "1"]

1. e4 c5 2. Nf3 d6 3. d4 cxd4 4. Nxd4 Nf6 5. Nc3 a6 6. Bc4 Nbd7 7. Bb3 Nc5 8. f3 Bd7 9. Be3 e5 10. Nde2 Nxb3 11. axb3 Bc6 12. 0-0 d5 13. exd5 Nxd5 14. Nxd5 Qxd5 15. Qxd5 Bxd5 16. c4 Bc6 17. Bb6 Be7 18. Nc3 0-0 19. Rfe1 Bf6 20. Re2 Rfe8 21. Rae1 Rac8 22. Kf2 Re6 23. c5 Rce8 24. Rd1 Be7 25. Nd5 Rc8 26. Nc3 f5 27. b4 Kf7 28. Nd5 Bd8 29. Bxd8 Rxd8 30. Ne3 Rxd1 31. Nxd1 Kf6 32. Rd2 e4 33. f4 Ba4 34. Ne3 Bc6 35. Nc4 Bb5 36. Ne3 g6 37. Nd5+ Kf7 38. Ke3 Bd3 39. b3 Rc6 40. Kd4 Ke6 41. Ne3 Rc7 42. Nd1 Rd7+ 43. Ke3 Bb5 44. Rxd7 Bxd7 45. Kd4 Bc6 46. Ne3 h6 47. g3 Kf6 48. h4 g5 49. hxg5+ hxg5 50. fxg5+ Kxg5 51. Ke5 Bd7 52. Kd6 Bc6 53. Ke6 1/2-1/2

[Event "Dortmund op-B"]
[Site "Dortmund"]
[Date "2005.07.15"]
[Round "7"]
[White "Doerr, Michael"]
[Black "Schlinkmann, Lennart"]
[Result "1/2-1/2"]
[WhiteElo "1654"]
[BlackElo "1615"]
[PlyCount "47"]
[EventDate "2005.07.08"]
[EventType "swiss"]
[EventRounds "9"]
[EventCountry "GER"]
[SourceTitle "CBM 107 Extra"]
[Source "ChessBase"]
[SourceDate "2005.09.01"]
[SourceVersion "1"]
[SourceVersionDate "2005.09.01"]
[SourceQuality "1"]

1. e4 e5 2. Nf3 Nf6 3. Bc4 Nc6 4. 0-0 Bc5 5. Nc3 0-0 6. d3 h6 7. h3 d6 8. Na4 Bb6 9. Nxb6 axb6 10. a3 Be6 11. Bxe6 fxe6 12. c3 Qe8 13. Be3 Qg6 14. Nh4 Qh5 15. Qxh5 Nxh5 16. g4 Nf4 17. Bxf4 Rxf4 18. Kg2 Ne7 19. Kg3 g5 20. Ng2 Rff8 21. f3 Ng6 22. Rad1 Nf4 23. Nxf4 exf4+ 24. Kg2 1/2-1/2